[Event "BEL-chT 0910"]
[Site "Belgium"]
[Date "2009.11.22"]
[Round "4"]
[White "Leloutre, Bernard"]
[Black "Mille, Koen"]
[Result "1-0"]
[WhiteElo "1846"]
[BlackElo "1911"]
[PlyCount "41"]
[EventDate "2009.09.27"]
[EventType "team-tourn"]
[EventRounds "11"]
[EventCountry "BEL"]
[SourceTitle "EXT 2011"]
[Source "ChessBase"]
[SourceDate "2010.11.26"]
[SourceVersion "1"]
[SourceVersionDate "2010.11.26"]
[SourceQuality "1"]
[WhiteTeam "Charleroi CREC"]
[BlackTeam "KBSK Brugge"]
[WhiteTeamCountry "BEL"]
[BlackTeamCountry "BEL"]

1. c4 Nf6 2. Nc3 g6 3. e4 d6 4. d4 Bg7 5. Nf3 0-0 6. Be2 e5 7. dxe5 dxe5 8. Qxd8 Rxd8 9. Bg5 Re8 10. 0-0-0 c6 11. Nxe5 Nxe4 12. Nxe4 Bxe5 13. Nd6 Bxb2+ 14. Kd2 Re6 15. Nxc8 f6 16. Bg4 f5 17. Bf3 Ba3 18. Kc2 Kf7 19. Rd8 Re8 20. Nd6+ Bxd6 21. Rxd6 1-0

[Event "BEL-chT 0708"]
[Site "Belgium"]
[Date "2007.10.21"]
[Round "2.8"]
[White "Coibion, Charles"]
[Black "Mille, Koen"]
[Result "1-0"]
[WhiteElo "1929"]
[BlackElo "1883"]
[PlyCount "71"]
[EventDate "2007.09.30"]
[EventType "team-tourn"]
[EventRounds "11"]
[EventCountry "BEL"]
[SourceTitle "CBM 120 Extra"]
[Source "ChessBase"]
[SourceDate "2007.11.01"]
[SourceVersion "1"]
[SourceVersionDate "2007.11.01"]
[SourceQuality "1"]
[WhiteTeam "Namur"]
[BlackTeam "KBSK Brugge"]
[WhiteTeamCountry "BEL"]
[BlackTeamCountry "BEL"]

1. d4 Nf6 2. Bg5 Ne4 3. Bf4 g6 4. f3 Nf6 5. e4 d6 6. Nc3 Bg7 7. Qd2 0-0 8. 0-0-0 Nbd7 9. Bh6 c6 10. h4 Qa5 11. h5 Nxh5 12. g4 Nhf6 13. Bxg7 Kxg7 14. Qh6+ Kg8 15. Nge2 Re8 16. g5 Nh5 17. Ng3 Nf8 18. Rxh5 gxh5 19. Nxh5 Ne6 20. d5 cxd5 21. Nxd5 Kh8 22. Bh3 Rg8 23. Bf5 Nxg5 24. Nxe7 Qe5 25. Nxg8 Bxf5 26. Qxg5 Rxg8 27. Qxf5 Qe7 28. Qf6+ Qxf6 29. Nxf6 Rg2 30. Rh1 Kg7 31. Ne8+ Kg6 32. Nxd6 Rg3 33. Nf5 Rxf3 34. Nh4+ Kg5 35. Nxf3+ Kf4 36. Rxh7 1-0